000 00340nam a22001217a 4500
020 _a0821339702
082 _222
_a362.5809729
100 _aBaker, judy L .
245 _aPoverty recication and human development in the caribbean /
260 _bWashington : the World Bank,
_cc1997
300 _axx 206 p, ;
_bNA
_c24 cm.
942 _2ddc
_cGEN
999 _c3985
_d3985